Trendy vývoja v hospodárstve Poľska Príloha Hospodárskych novín

Ekonomický rast v Poľsku v prvom polroku 1996. Monitor hospodárskeho vývoja Poľska.

Salvato in:
Dettagli Bibliografici
Natura: Capitolo di libro
Lingua:slovacco
Soggetti:
Tags: Aggiungi Tag
Nessun Tag, puoi essere il primo ad aggiungerne!!

MARC

LEADER 00000naa a2200000 4500
001 r025657
005 20230824085326.8
041 0 |a slo 
044 |a SK 
245 1 0 |a Trendy vývoja v hospodárstve Poľska  |b Príloha Hospodárskych novín 
520 |a Ekonomický rast v Poľsku v prvom polroku 1996. Monitor hospodárskeho vývoja Poľska. 
610 2 0 |a Poľsko 
610 2 0 |a január-jún 
610 2 0 |a 1996 
610 2 0 |a situácia hospodárska 
610 2 0 |a rast hospodársky